[Event "World School-ch U17 Girls 12th"]
[Site "Sochi"]
[Date "2016.12.11"]
[Round "9"]
[White "Tukaeva, Adelya"]
[Black "Mirzazada, Nazrin"]
[Result "1/2-1/2"]
[WhiteElo "1940"]
[BlackElo "1706"]
[PlyCount "95"]
[EventDate "2016.12.03"]
[EventType "swiss"]
[EventRounds "9"]
[EventCountry "RUS"]
[SourceTitle "CBM 176 Extra"]
[Source "ChessBase"]
[SourceDate "2017.03.02"]
[SourceVersion "1"]
[SourceVersionDate "2017.03.02"]
[SourceQuality "1"]

1. e4 e5 2. Nf3 Nc6 3. Bb5 d6 4. 0-0 Bd7 5. c3 g6 6. d4 Bg7 7. dxe5 Nxe5 8. Bxd7+ Nxd7 9. Qd5 Nc5 10. Ng5 Qe7 11. b4 Nf6 12. Qc4 Ne6 13. f4 0-0 14. Nh3 Nd8 15. Nd2 c6 16. Qd3 d5 17. e5 Nd7 18. c4 Qxb4 19. Ba3 Qb6+ 20. Kh1 Nc5 21. Qe3 Nde6 22. cxd5 cxd5 23. f5 d4 24. Qg3 gxf5 25. Rxf5 Rfc8 26. Raf1 Qa5 27. Nc4 Qc3 28. Qxc3 dxc3 29. Nd6 Rc7 30. Nb5 Rd7 31. Nxc3 a6 32. Ng5 Nxg5 33. Rxg5 Ne6 34. Rg3 Kh8 35. Bd6 Re8 36. Nd5 b5 37. Nf6 Bxf6 38. Rxf6 Ng7 39. Rgf3 Kg8 40. Kg1 Rc8 41. R6f4 Rc1+ 42. Rf1 Rxf1+ 43. Rxf1 Ne8 44. Bb4 Nc7 45. Rc1 Kg7 46. Kf2 Ne6 47. Bd6 Kg6 48. Ke3 1/2-1/2

[Event "World School-ch U17 Girls 12th"]
[Site "Sochi"]
[Date "2016.12.03"]
[Round "1"]
[White "Mirzazada, Nazrin"]
[Black "Dimitrova, Aleksandra"]
[Result "0-1"]
[WhiteElo "1706"]
[BlackElo "2319"]
[PlyCount "84"]
[EventDate "2016.12.03"]
[EventType "swiss"]
[EventRounds "9"]
[EventCountry "RUS"]
[SourceTitle "CBM 176 Extra"]
[Source "ChessBase"]
[SourceDate "2017.03.02"]
[SourceVersion "1"]
[SourceVersionDate "2017.03.02"]
[SourceQuality "1"]

1. d4 Nf6 2. Nf3 e6 3. Bf4 d5 4. c3 c5 5. e3 Nc6 6. Bd3 Bd6 7. Bxd6 Qxd6 8. Nbd2 0-0 9. 0-0 e5 10. dxe5 Nxe5 11. Nxe5 Qxe5 12. Nf3 Qe7 13. h3 Bd7 14. Qe2 a6 15. Rfe1 Rfe8 16. Rad1 Bc6 17. Qc2 h6 18. Qb1 b6 19. Bc2 Qb7 20. Nh4 Rad8 21. Rd2 Qe7 22. Qd1 g6 23. Nf3 Qc7 24. Rde2 Kg7 25. Bd3 Qc8 26. Rd2 Bb7 27. Be2 Ne4 28. Rc2 Qe6 29. Bf1 Qf6 30. Qe2 Nd6 31. Qd1 Nf5 32. Rd2 b5 33. Be2 Nd6 34. Rc2 Nc4 35. Nd2 Ne5 36. Nf3 d4 37. cxd4 Bxf3 38. Bxf3 cxd4 39. Rd2 dxe3 40. fxe3 Rxd2 41. Qxd2 Qxf3 42. gxf3 Nxf3+ 0-1